Missing Word: '80s Albums (A-Z) Quiz Stats

 Plays Quiz Updated May 9, 2018

Challenge
Share
Tweet
Embed
Score 0/26 Timer 04:00
5 Plays Today
Album Word % Correct
Boys and (G)____Girls
89%
Born in the (U)__USA
88.7%
A Kind (O)_ MagicOf
88%
(P)_____ RainPurple
84.2%
Cuts Both (W)___Ways
80.7%
(E)___ Side StoryEast
77.5%
The (Q)____ Is DeadQueen
72.9%
The (J)_____ TreeJoshua
72.8%
(K)___ 'Em AllKill
72.8%
No Jacket (R)_______Required
72.4%
Stop (M)_____ SenseMaking
72.4%
3 Feet (H)___ & RisingHigh
72%
(S)____ TrouperSuper
71.3%
Album Word % Correct
(A)________ for DestructionAppetite
70.2%
(B)_______ in ArmsBrothers
68.5%
Tattoo (Y)__You
61.9%
(L)___ Dance Let's
61.9%
(F)___ Moon FeverFull
61.1%
(V)______ FemmesViolent
60.9%
(T)___ BlueTrue
54.8%
(C)_____ by NumbersColour
48.5%
...(N)______ Like the Sun Nothing
38.5%
Who's (Z)_____' Who? Zoomin'
33.6%
(D)_____ FantasyDouble
33.5%
(X)_____ (soundtrack)Xanadu
30.5%
(I)_______ BedroomImperial
6.5%

Today's Daily Dose

Quick Pick
The Muppets

On This Day
December 19th II

You're not logged in!

Compare scores with friends on all Sporcle quizzes.
OR
Log In

You Might Also Like...

Show Comments

Extras

Top Quizzes Today


Score Distribution

Your Account Isn't Verified!

In order to create a playlist on Sporcle, you need to verify the email address you used during registration. Go to your Sporcle Settings to finish the process.

Report this User

Report this user for behavior that violates our Community Guidelines.

Details: